| 000 | 00908nam a2200253Ia 4500 | ||
|---|---|---|---|
| 003 | OSt | ||
| 005 | 20221005111545.0 | ||
| 006 | a|||||r|||| 00| 0 | ||
| 007 | ta | ||
| 008 | 221004b |||||||| |||| 00| 0 hin d | ||
| 020 |
_a9788126026043 (pbk) _cINR 100.00 |
||
| 024 | _a37335 | ||
| 037 |
_bBW/1663, 14/03/2018, Bookwell _cTextual |
||
| 040 |
_aCRL _cCRL _bhin |
||
| 041 |
_2hin _ahin |
||
| 082 | _aO152,6M83x, Q7 | ||
| 100 | _aसिंह, नामवर, संपा. | ||
| 245 | 0 | _aरामचन्द्र शुक्ल संचयन | |
| 246 | _aRāmachandra shukla sanchayana | ||
| 260 |
_aनई दिल्ली _bसाहित्य अकादेमी भारत _c2017 |
||
| 300 |
_a175पृ0 _ccm. |
||
| 942 |
_hO152,6M83x, Q7 _cTEXL _2cc |
||
| 999 |
_c1022165 _d1022165 |
||